000 00749nam a22002534a 4500
001 UByD004176
003 AR-LpoUNG
005 20260108130623.0
008 250903s2023 ag gr 000 f spa d
020 _a9789878473727
040 _aAR-LpoUNG
_bspa
_cAR-LpoUNG
_eaacr
041 0 _aspa
082 0 _aA863 152lad
100 1 _aBaigorria, Osvaldo
245 1 3 _aEl ladrido del tigre
250 _a2da. ed.
260 _aBuenos Aires :
_bBlatt & RĂ­os,
_c2023.
300 _a189 p.
490 0 _aIdentidades bonaerenses
650 4 _aLiteratura argentina
655 4 _aNovelas
942 _2ddc
_cLIB
999 _c67167
_d67167